| 000 | 00576nam a2200169 i 4500 | ||
|---|---|---|---|
| 001 | 55797 | ||
| 003 | ES-MaACL | ||
| 005 | 20230906163224.0 | ||
| 007 | t| | ||
| 008 | 030926s1971 sp ||||1| spa d | ||
| 245 | 0 | 4 |
_aXLV día universal del ahorro _b: colaboraciones de graduados, seminarios, universitarios y de escuelas especiales. |
| 260 |
_aBarcelona : _bCaja de Ahorros Provincial de Barcelona, _c[1971] |
||
| 300 |
_a375 p. ; _c22 cm. |
||
| 740 | 0 | _aXLV día universal del ahorro. | |
| 740 | 0 | _a45º día universal del ahorro. | |
| 852 |
_aES-MaACL _jC-45663 _bR.77685 |
||
| 999 |
_c55797 _d55797 |
||